[Event "36th Zalakaros Festival 2017"]
[Site "Zalakaros"]
[Date "2017.05.24"]
[Round "7"]
[White "Gara, Anita"]
[Black "Nagy, Gabor"]
[Result "0-1"]
[WhiteElo "2373"]
[BlackElo "2446"]
[Annotator "TA"]
[PlyCount "82"]
[EventDate "2017.??.??"]
[EventType "swiss"]
[EventCountry "HUN"]
[SourceTitle "playchess.com"]
[Source "ChessBase"]
[SourceQuality "1"]

{[%evp 9,82,4,4,6,6,10,24,28,25,0,56,50,49,44,54,42,50,42,53,45,54,0,6,8,101,0,0,0,0,0,0,4,15,7,12,11,30,33,28,23,23,23,23,23,25,0,0,0,58,6,52,39,89,-50,-64,-85,-92,-91,-89,-93,-87,-272,-273,-458,-439,-443,-418,-641,-638,-618,-608,-863,-861,-29964,-29955]} 1. e4 c5 2. Nf3 e6 3. b3 a6 4. Bb2 Nc6 5. c4 Qc7 (5... Nge7 6. Nc3 Ng6 7. g3 Bd6 8. d4 cxd4 9. Nxd4 Nxd4 10. Qxd4 Be5 11. Qd2 d6 12. Bg2 h5 13. f4 {1-0 (71) Onischuk,V (2601)-Bosiocic,M (2591) Doha 2016}) 6. g3 {B40: Sicilian: 2...e6, Unusual lines} Nf6 7. Nc3 Rb8 8. Rc1 {White has an edge.} Be7 9. Bg2 O-O (9... b5 $11) 10. d4 $146 ({Predecessor:} 10. O-O d6 11. d4 cxd4 12. Nd5 Qd8 13. Nxe7+ Qxe7 14. Nxd4 {1-0 (31) Vokarev,S (2462)-Tydykov,A Novokuznetsk 1999}) 10... cxd4 11. Nxd4 d6 12. O-O Nxd4 13. Qxd4 b6 14. Rfd1 Bb7 15. Na4 Bc6 16. e5 Bxg2 (16... dxe5 $1 $11 17. Qxe5 Qb7 18. Bxc6 Qxc6) 17. Kxg2 (17. exd6 $16 Bxd6 18. Qxd6) 17... dxe5 18. Qxe5 Qc6+ 19. Kg1 Qf3 20. Rd7 Ba3 21. Rd4 Bxb2 ({Wrong is} 21... Ng4 $2 22. Rxg4 Qxg4 23. Bxa3 $18) 22. Nxb2 Rbd8 23. Rxd8 Rxd8 24. Qc7 Re8 $1 25. Qxb6 Qe2 $1 {[%cal Re2b2]} 26. Na4 Qxa2 27. c5 Qd2 28. Rf1 e5 ({Better is} 28... Qd3 $11) 29. Qd6 (29. Qxa6 $14 e4 30. Qc4) 29... Qc2 30. Qd1 Qf5 31. f3 (31. c6 $16 {Strongly threatening c7.} Qc8 32. Qc2) 31... h5 $15 {[%cal Bh7h5,Bh5h4][%mdl 32]} 32. Nb6 {[#]} e4 $1 $36 {[%mdl 2048] Black has strong initiative.} 33. Qc2 {[#]} Qe5 $1 34. fxe4 Nxe4 35. Re1 $2 (35. Qc4 $17 Qxc5+ 36. Qxc5 Nxc5 37. Rf5 Re1+ 38. Kg2 Nxb3 39. Rxh5) 35... h4 $19 36. Nc4 $2 (36. Rxe4 Qxe4 37. Qxe4 Rxe4 38. c6) 36... Qxc5+ 37. Ne3 Qb4 38. Rd1 (38. Re2 $142 hxg3 39. Qc6) 38... hxg3 39. hxg3 Nxg3 40. Qc4 Qb6 41. Rd4 {[#]} Qxd4 $1 {[%mdl 512] Precision: White = 45%, Black = 65%.} 0-1

[Event "36th Zalakaros Festival 2017"]
[Site "Zalakaros"]
[Date "2017.05.24"]
[Round "7"]
[White "Papp, Petra"]
[Black "Rakesh Kumar Jena"]
[Result "1/2-1/2"]
[WhiteElo "2371"]
[BlackElo "2288"]
[Annotator "TA"]
[PlyCount "81"]
[EventDate "2017.??.??"]
[EventType "swiss"]
[EventCountry "HUN"]
[SourceTitle "playchess.com"]
[Source "ChessBase"]
[SourceQuality "1"]

{[%evp 24,81,11,16,50,0,0,0,0,0,0,-8,0,-8,-3,-10,0,-3,0,0,0,0,0,0,0,-2,0,0,0,0,16,16,80,82,47,6,6,6,6,6,6,6,6,6,6,6,6,6,6,6,6,0,0,0,0,0,0,0,0,0]} 1. e4 c5 2. Nf3 d6 3. d4 cxd4 4. Nxd4 Nf6 5. f3 g6 6. c4 Bg7 7. Nc3 O-O 8. Be3 Nc6 9. Qd2 Nxd4 10. Bxd4 Be6 11. Rc1 {B38: Sicilian: Maroczy Bind with 5...Bg7 and 7...0-0} Qa5 12. Be2 Rfc8 13. b3 {[#] LiveBook: 37 Games} b5 $146 ({Predecessor:} 13... a6 14. Be3 b5 15. Nd5 Nxd5 16. Qxa5 Nxe3 17. Kf2 Bd4 18. Kg3 f5 19. cxb5 Rf8 20. exf5 axb5 21. Qd2 Nxf5+ 22. Kh3 Be3 23. Qb2 Nd4+ 24. Kg3 Nf5+ 25. Kh3 Nh4+ 26. Kg3 Nf5+ {½-½ (26) Negi,P (2633)-Istratescu,A (2671) Graz 2014}) 14. Nd5 ({White should try} 14. cxb5 $14 Qb4 15. Rd1) 14... Qxd2+ $11 15. Kxd2 Nxd5 16. exd5 {[#] Bxg7 is the strong threat.} Bxd4 17. dxe6 b4 18. exf7+ Kxf7 19. f4 Rc5 20. Bf3 Re8 21. Kd3 Bc3 22. a4 Kg7 23. Rhf1 Rf5 24. Be4 Rf6 25. g3 Ref8 26. Bg2 e5 27. fxe5 Rf2 (27... Bxe5 $11 {keeps the balance.} 28. Rxf6 Kxf6) 28. Rxf2 $16 Rxf2 29. Rc2 (29. exd6 {is more complex.} Rxg2 30. Rd1 Kf7 31. c5 Ke6 32. Kc4) 29... Rxc2 {The position is equal.} 30. Kxc2 Bxe5 $11 {[%mdl 4096] Endgame KB-KB} 31. Kd3 h5 32. Ke4 Kf6 33. Bf3 h4 34. gxh4 Bxh2 35. h5 gxh5 36. Bxh5 Bg1 37. Kd5 Bc5 38. a5 Kg5 39. Be8 Kh4 40. a6 Kg3 41. Ke4 {Precision: White = 63%, Black = 61%.} 1/2-1/2

[Event "36th Zalakaros Festival 2017"]
[Site "Zalakaros"]
[Date "2017.05.24"]
[Round "7"]
[White "Li, Bo"]
[Black "Shvayger, Yuliya"]
[Result "1-0"]
[WhiteElo "2359"]
[BlackElo "2423"]
[Annotator "TA"]
[PlyCount "147"]
[EventDate "2017.??.??"]
[EventType "swiss"]
[EventCountry "HUN"]
[SourceTitle "playchess.com"]
[Source "ChessBase"]
[SourceQuality "1"]

{[%evp 13,147,6,0,-15,13,18,20,17,30,24,23,18,37,6,15,13,8,0,36,21,28,7,27,0,65,54,49,58,90,84,104,103,246,232,247,247,235,242,212,128,118,82,90,84,98,98,85,87,94,85,89,96,95,81,81,81,124,74,81,76,92,78,88,85,95,7,7,7,7,7,7,7,7,7,7,4,7,7,7,7,14,14,14,14,14,0,14,0,0,0,14,14,27,14,14,0,27,0,14,0,14,0,14,0,0,0,0,0,0,0,0,0,12,0,204,190,195,202,175,163,631,635,690,627,766,704,833,757,29951,29948,6482,12840,4939,2130,29977,29977]} 1. d4 Nf6 2. c4 e6 3. Nc3 Bb4 4. Qc2 d5 5. cxd5 Qxd5 6. Nf3 Qf5 7. Qxf5 exf5 8. g3 {E34: Nimzo-Indian: Classical: 4...d5} (8. a3 $5 {[%cal Ra3b4]} Bxc3+ 9. bxc3 $14) (8. a3 Be7 9. Bf4 c6 10. e3 Be6 11. Nd2 Nbd7 12. Nc4 Bxc4 13. Bxc4 Nh5 14. Be5 O-O 15. h3 Nxe5 16. dxe5 g6 {1-0 (46) Gupta,A (2634)-Melkumyan,H (2633) London 2016}) 8... Ne4 9. Bd2 Nxd2 10. Nxd2 {The position is equal.} O-O $146 ({Predecessor:} 10... c6 11. Bg2 Be6 12. a3 Bd6 13. e3 Nd7 14. O-O Nb6 15. b4 a6 16. e4 O-O 17. d5 Be5 18. dxe6 Bxc3 19. exf7+ Rxf7 20. Rad1 a5 21. bxa5 Rxa5 22. Nb1 Bb2 {½-½ (22) Handler,L (2301)-Aschenbrenner,R (2270) Graz 2011}) 11. Bg2 (11. Nd5 $5 {[%cal Rd5b4]} Nc6 12. e3 $14) 11... c6 12. a3 Be7 13. O-O Rd8 14. e3 Be6 15. Ne2 {[%cal Bc3e2,Be2f4,Bf4d3,Bd3c5][%mdl 32]} f6 16. Nf4 Bf7 17. Rfc1 Nd7 18. Nc4 Nb6 (18... g5 $11 19. Nd3 a5) 19. Na5 $36 {[%mdl 2048] White has some pressure.} Rd7 20. Nd3 Nd5 21. b4 Rb8 22. Nc5 Rc7 (22... Bxc5 $16 23. bxc5 Rc7) 23. Ncxb7 $18 Rbxb7 24. Nxb7 Rxb7 25. Rxc6 Rd7 26. Rac1 Bd8 27. Bh3 g6 28. Bf1 Bb6 29. Bb5 Re7 30. Rd6 Kg7 31. Rd7 Rxd7 32. Bxd7 Kf8 33. h4 h5 34. Ba4 Ke7 35. Bb5 Be6 36. Kf1 Bc7 37. Bd3 Bd6 38. Ke2 Nb6 39. Kf3 (39. Bb5 $16) 39... Bd5+ $1 $11 40. e4 fxe4+ 41. Bxe4 Bf7 42. Ke2 f5 43. Bd3 Bd5 44. Bb5 Kf6 45. f4 Bf7 46. Kd3 Ke7 47. Bc6 Kd8 48. Bf3 Ke7 49. Bc6 Kd8 50. Kc3 Nd5+ 51. Kd2 Nb6 52. Kd3 Ke7 53. Rb1 Kd8 54. Bf3 Be6 55. Kc3 Nd5+ 56. Kd2 (56. Kc4 $5 {[%cal Rf3d5]} Ne3+ 57. Kd3 $14) 56... Nb6 57. Ra1 Kd7 58. Kc3 (58. Re1 $5 {[%cal Rf3c6]} Bd5 59. Bxd5 Nxd5 60. Kd3 $14) 58... Nd5+ 59. Kb2 Nb6 60. Bd1 Be7 61. Bb3 Bf6 62. Rd1 Kd6 63. a4 Bxb3 $2 (63... Nd5 $11) 64. Kxb3 $18 Kd5 {[#]} 65. Rc1 $1 Bxd4 66. Rc7 {Hoping for a5.} Ke4 $2 (66... Na8 67. Re7 Kd6) 67. Rxa7 Bf2 68. Rg7 Bxg3 69. a5 {[%cal Ba4a5,Ba5a6,Ba6a7][%mdl 32]} Nd5 70. a6 Bxf4 71. a7 Nb6 72. Rxg6 Na8 73. Rg8 Nb6 74. Rb8 {Precision: White = 47%, Black = 51%.} 1-0

[Event "36th Zalakaros Festival 2017"]
[Site "Zalakaros"]
[Date "2017.05.24"]
[Round "7"]
[White "Raja Harshit"]
[Black "Varga, Klara"]
[Result "1-0"]
[WhiteElo "2334"]
[BlackElo "2240"]
[Annotator "NA"]
[PlyCount "81"]
[EventDate "2017.??.??"]
[EventType "swiss"]
[EventCountry "HUN"]
[SourceTitle "playchess.com"]
[Source "ChessBase"]
[SourceQuality "1"]
[TimeControl "40/5400+30:1800+30"]

1. e4 {[%emt 0:00:05]} e6 {[%emt 0:07:06]} 2. d4 {[%emt 0:00:12]} d5 {[%emt 0:00:04]} 3. Nc3 {[%emt 0:00:15]} Bb4 {[%emt 0:00:06]} 4. Nge2 {[%emt 0:00:16]} c5 {[%emt 0:04:54]} 5. exd5 {[%emt 0:03:36]} Qxd5 {[%emt 0:02:11]} 6. a3 {[%emt 0:09:39]} Bxc3+ {[%emt 0:01:19]} 7. Nxc3 {[%emt 0:00:19]} Qxd4 {[%emt 0:01:59]} 8. Qxd4 {[%emt 0:12:17]} cxd4 {[%emt 0:00:34]} 9. Nb5 {[%emt 0:00:05]} Na6 {[%emt 0:00:36]} 10. Nxd4 {[%emt 0:00:45]} Nc7 {[%emt 0:02:18]} 11. Bf4 {[%emt 0:02:54]} Nd5 {[%emt 0:00:10]} 12. Bd6 {[%emt 0:00:05]} Bd7 {[%emt 0:03:49]} 13. c4 {[%emt 0:02:56]} Nb6 {[%emt 0:01:49]} 14. a4 {[%emt 0:08:10]} Rc8 $16 {[%emt 0:12:00]} 15. b3 {[%emt 0:01:05]} Nf6 {[%emt 0:01:00]} 16. f3 {[%emt 0:07:12]} Kd8 {[%emt 0:04:32]} 17. Kf2 {[%emt 0:05:49]} Ne8 {[%emt 0:00:12]} 18. Bb4 {[%emt 0:00:44]} e5 {[%emt 0:00:11]} 19. Nb5 {[%emt 0:01:19]} Bxb5 {[%emt 0:08:39]} 20. axb5 {[%emt 0:00:18]} Ra8 {[%emt 0:00:09]} 21. c5 {[%emt 0:01:15]} Nd7 {[%emt 0:01:26]} 22. Bc4 {[%emt 0:00:20]} Nc7 {[%emt 0:02:51]} 23. Rhd1 {[%emt 0:04:41]} Kc8 {[%emt 0:02:33]} 24. Rac1 {[%emt 0:11:56]} f6 {[%emt 0:03:30]} 25. Rd2 {[%emt 0:09:09]} b6 {[%emt 0:03:11]} 26. c6 {[%emt 0:03:03]} Nb8 {[%emt 0:00:46]} 27. Be7 {[%emt 0:06:14]} a6 {[%emt 0:05:37]} 28. bxa6 {[%emt 0:00:06]} Re8 {[%emt 0:04:17]} 29. Bd6 {[%emt 0:03:41]} Nbxa6 {[%emt 0:03:44]} 30. b4 {[%emt 0:03:21]} b5 {[%emt 0:00:49]} 31. Bb3 {[%emt 0:01:36]} Nb8 {[%emt 0:00:45]} 32. Bf7 {[%emt 0:02:04]} Rd8 {[%emt 0:00:24]} 33. Be6+ {[%emt 0:00:30]} Nxe6 {[%emt 0:01:13]} 34. c7 {[%emt 0:00:01]} Rxd6 {[%emt 0:03:03]} 35. cxb8=Q+ {[%emt 0:00:09]} Kxb8 {[%emt 0:00:34]} 36. Rxd6 {[%emt 0:00:01]} Ra2+ {[%emt 0:00:17]} 37. Kf1 {[%emt 0:00:06]} Nf4 {[%emt 0:04:30]} 38. Rd8+ {[%emt 0:00:04]} Kb7 {[%emt 0:00:10]} 39. Rd7+ {[%emt 0:00:04]} Kb8 {[%emt 0:00:36]} 40. Rxg7 {[%emt 0:00:00]} Nd3 {[%emt 0:00:44]} 41. Rd1 {[%emt 0:01:45]} 1-0

[Event "36th Zalakaros Festival 2017"]
[Site "Zalakaros"]
[Date "2017.05.24"]
[Round "7"]
[White "Tate, Alan"]
[Black "Farago, Ivan"]
[Result "1/2-1/2"]
[WhiteElo "2320"]
[BlackElo "2411"]
[Annotator "TA"]
[PlyCount "42"]
[EventDate "2017.??.??"]
[EventType "swiss"]
[EventCountry "HUN"]
[SourceTitle "playchess.com"]
[Source "ChessBase"]
[SourceQuality "1"]

{[%evp 13,42,33,23,-82,-46,-63,-29,-21,-18,-44,-36,-35,-40,-58,-43,-41,-53,-47,-44,-56,-68,-54,-32,-17,-33,-19,-9,-24,-10,-9,-7]} 1. e4 e6 2. d4 d5 3. Nd2 h6 (3... c5 4. exd5 Qxd5 5. dxc5 Bxc5 6. Ngf3 Nf6 7. Bc4 Qc6 8. O-O Nbd7 9. Qe2 a6 10. a4 b6 11. Nb3 Bb7 12. Nxc5 Nxc5 13. b4 Ncd7 14. Rd1 O-O 15. b5 {½-½ (31) Zherebukh,Y (2605)-So,W (2822) Saint Louis 2017}) 4. Ngf3 Nf6 5. e5 Nfd7 6. c4 {C03: French Tarrasch: Unusual Black 3rd moves} c5 7. cxd5 exd5 {LiveBook: 3 Games} 8. e6 $146 (8. Qb3 $11 {keeps the balance.}) ({Predecessor:} 8. Bd3 Be7 9. O-O Nc6 10. Re1 Nf8 11. dxc5 {1-0 (29) Anton Guijarro,D (2635)-Suarez Gomez,J (2417) Linares 2015}) 8... Qe7 9. Be2 Qxe6 10. O-O Be7 11. Re1 O-O 12. Nb3 Nc6 13. dxc5 Nxc5 14. Nxc5 Bxc5 {[#]} 15. Bc4 $1 {[%mdl 512]} Qf6 (15... dxc4 16. Rxe6) 16. Qxd5 Bb4 17. Rf1 $1 Bf5 18. Bd3 Bxd3 19. Qxd3 Rfe8 (19... Rfd8 $5 {[%cal Rd8d3]} 20. Qb3 Bc5 $15) 20. Qb3 a5 {[%cal Ba7a5,Ba5a4][%mdl 32]} 21. Be3 a4 {Precision: White = 53%, Black = 59%.} 1/2-1/2

[Event "36th Zalakaros Festival 2017"]
[Site "Zalakaros"]
[Date "2017.05.24"]
[Round "7"]
[White "Pacan-Milej, Kosma"]
[Black "Hnydiuk, Aleksander"]
[Result "0-1"]
[WhiteElo "2317"]
[BlackElo "2390"]
[Annotator "TA"]
[PlyCount "74"]
[EventDate "2017.??.??"]
[EventType "swiss"]
[EventCountry "HUN"]
[SourceTitle "playchess.com"]
[Source "ChessBase"]
[SourceQuality "1"]

{[%evp 19,74,33,54,25,39,37,38,24,14,-6,0,0,0,0,0,-34,-34,-46,-45,-82,-80,-64,-68,-87,-76,-81,-77,-71,-74,-80,-80,-118,-121,-121,-113,-114,-119,-168,-155,-248,-233,-231,-228,-280,-264,-584,-531,-597,-592,-607,-585,-582,-540,-544,-533,-559,-559]} 1. d4 Nf6 2. c4 c5 3. d5 b5 4. cxb5 a6 5. bxa6 g6 6. Nc3 {A58: Benko/Volga Gambit: Lines with 5 bxa6} Bg7 7. e4 O-O 8. Nf3 Qa5 9. Bd2 Bxa6 10. Be2 d6 {LiveBook: 31 Games} 11. O-O Bxe2 12. Qxe2 Qa6 {Threatening ...Qxe2.} 13. Rfe1 Nbd7 {[#]} 14. Nb5 $146 (14. a4 {seems wilder.} Qxe2 15. Rxe2 Rfb8 16. Be1 Ng4 17. a5) 14... Nxe4 15. Qxe4 Qxb5 16. Qxe7 Ne5 17. Nxe5 Bxe5 18. Bc3 Rfe8 19. Qg5 {[%cal Rc3e5]} Bxc3 20. bxc3 {[#]} Rxa2 $1 {[%mdl 512]} 21. h4 {Black must now prevent Rxe8+.} (21. Rxa2 Rxe1#) 21... Rxa1 22. Rxa1 $17 {[%mdl 4096] Endgame KQR-KQR} Qb2 23. Qc1 Qxc1+ 24. Rxc1 {KR-KR} Re5 25. Rd1 Kg7 26. Kf1 Kf6 27. Rd3 Re4 28. g3 {[#]} Ke5 $1 29. f4+ (29. Kg2 $17) 29... Kf5 $19 30. Kf2 h5 31. Kf3 {[#]} Re1 $1 32. Rd2 $2 (32. c4) 32... Rc1 {Black is clearly winning.} 33. Rd3 c4 {[%cal Bc5c4,Bc4c3][%mdl 32]} 34. Re3 Rc2 35. Re7 {[%cal Re7f7]} Rxc3+ 36. Kf2 Rd3 37. Rc7 c3 {Precision: White = 24%, Black = 100%.} 0-1

[Event "36th Zalakaros Festival 2017"]
[Site "Zalakaros"]
[Date "2017.05.24"]
[Round "7"]
[White "Rajdeep Sarkar"]
[Black "Juhasz, Armin"]
[Result "1-0"]
[WhiteElo "2312"]
[BlackElo "2410"]
[Annotator "TA"]
[PlyCount "127"]
[EventDate "2017.??.??"]
[EventType "swiss"]
[EventCountry "HUN"]
[SourceTitle "playchess.com"]
[Source "ChessBase"]
[SourceQuality "1"]

{[%evp 10,127,9,0,11,0,0,0,0,0,9,8,16,12,6,-13,4,7,4,-16,-4,-12,0,0,0,0,6,0,0,0,0,-21,-19,-27,0,-41,-45,-63,-43,-36,-53,-30,-18,-16,-26,-41,-29,-23,-23,-33,-15,-9,-16,-13,-15,-15,0,0,0,0,0,0,49,33,42,18,66,73,68,75,61,64,85,52,56,56,51,52,86,79,86,80,95,97,141,103,115,103,167,157,167,159,245,246,288,288,317,285,480,466,439,446,489,481,475,473,541,541,566,556,557,529,718,718,643,645,896,895,954,948]} 1. d4 d5 2. Nf3 Nf6 3. c4 dxc4 4. Qa4+ c6 5. Qxc4 Bg4 6. Nbd2 (6. Nc3 {is more complex.} Nbd7 7. Bf4 e6 8. e3 Be7 9. Be2) 6... e6 {D23: Queen's Gambit Accepted: 3 Nf3 Nf6 sidelines} 7. g3 Nbd7 8. Bg2 Be7 {The position is equal.} 9. O-O O-O 10. b3 Rc8 11. Bb2 b5 12. Qc3 $146 ({Predecessor:} 12. Qc2 c5 13. Rfc1 Qb6 14. a4 {½-½ (30) Sasikiran,K (2640)-Le,Q (2699) Al Ain 2015}) 12... Qb6 13. Rac1 h6 14. Qd3 Rfd8 15. Qb1 Bf5 {[%cal Bg4f5,Bf5h7,Bh7e4][%mdl 32]} 16. Qa1 Bh7 17. Rfd1 a6 18. a3 a5 19. h3 Bf8 20. Nf1 Be4 21. Ne3 Nd5 22. Ng4 c5 23. Nge5 Nxe5 24. Nxe5 Bxg2 25. Kxg2 cxd4 26. Bxd4 Qb7 {( -> ...Nf4+)} 27. Kh2 Ne7 28. Rxc8 Rxc8 29. Bc3 b4 (29... Nd5 $5 {[%cal Rd5c3]} 30. Rc1 f6 $15) 30. axb4 $1 axb4 31. Be1 $1 Qe4 32. e3 Nf5 {aiming for ...Ra8.} 33. Nc4 $1 Ra8 34. Qb1 Qxb1 35. Rxb1 Ra2 36. Rd1 {Black must now prevent Rd8.} f6 37. Kg1 Bc5 38. Rd8+ Kf7 39. Kf1 Ra1 40. Ke2 Rb1 41. Rc8 (41. Nd2 {keeps more tension.} Ra1 42. Rd7+ Kg6 43. Rc7 Bf8 44. Rc4) 41... Be7 42. Nd2 Ra1 43. Rc7 Kf8 44. Rb7 Ra2 45. Kd3 Ra1 46. Nf3 Ra3 47. Rxb4 ({Reject} 47. Bxb4 $6 Rxb3+ 48. Kc4 Rxb4+ 49. Rxb4 Bxb4 $11) 47... Kf7 48. Rb8 Ra1 (48... Ra7 $16 {was necessary.}) 49. e4 $18 {[%cal Be3e4,Be4e5][%mdl 32]} Nd6 {[#]} 50. e5 $1 {[%cal Re5d6]} Ne8 (50... Nf5 $16 51. Rb7 fxe5 52. Nxe5+ Kg8) 51. Rb7 {Bb4 is the strong threat.} Kf8 52. Bc3 Rd1+ 53. Ke2 Rc1 $2 (53... Rd5 {is a better defense.} 54. Nh4 Bd8 55. Ng6+ Kg8) 54. Kd2 {White is clearly winning.} Rf1 55. Nd4 fxe5 56. Nxe6+ Kf7 57. Bb4 Kxe6 58. Rxe7+ Kd5 59. Rxe8 Rxf2+ {KRB-KR} 60. Ke3 Rb2 {[#]} 61. Rxe5+ $1 {[%mdl 512]} Kc6 (61... Kxe5 62. Bc3+) 62. Rc5+ Kb6 63. Rc3 Kb5 64. Bf8 {Precision: White = 77%, Black = 56%.} 1-0

[Event "36th Zalakaros Festival 2017"]
[Site "Zalakaros"]
[Date "2017.05.24"]
[Round "7"]
[White "Krykun, Yuriy"]
[Black "Sankalp Gupta"]
[Result "1/2-1/2"]
[WhiteElo "2308"]
[BlackElo "2269"]
[Annotator "TA"]
[PlyCount "88"]
[EventDate "2017.??.??"]
[EventType "swiss"]
[EventCountry "HUN"]
[SourceTitle "playchess.com"]
[Source "ChessBase"]
[SourceQuality "1"]

{[%evp 18,88,55,43,54,47,66,65,71,74,76,73,80,48,61,59,74,65,64,71,60,64,151,147,148,148,154,162,162,145,157,157,183,174,168,164,164,164,165,165,164,165,165,165,188,180,187,194,177,152,244,250,244,243,215,211,242,266,182,0,0,0,0,0,0,0,0,0,0,0,0,0,22]} 1. Nf3 Nf6 2. c4 g6 3. Nc3 d5 4. cxd5 Nxd5 5. e4 Nxc3 6. dxc3 Qxd1+ 7. Kxd1 Bg7 8. Bf4 c6 9. Kc2 Nd7 10. Bc4 {LiveBook: 6 Games} Nc5 {A16: English Opening: 1...Nf6 with ...d5} (10... b5 11. Be2 Nc5 12. Nd2 a5 13. Be3 Na4 14. Nb3 b4 15. Nc5 Nxc5 16. Bxc5 bxc3 17. bxc3 Be6 18. Rhb1 {1-0 (40) Batchuluun,T (2415)-Li,C (2529) Cebu 2007}) 11. Nd2 Be6 12. f3 b6 {White is slightly better.} 13. Be3 Bxc4 14. Nxc4 Nd7 15. Bf4 $146 ({Predecessor:} 15. a4 O-O-O 16. Bf4 Nc5 17. Be5 f6 18. Bd4 {0-1 (56) Germanavicius,S (2376)-Rimeikis,A (2170) Lithuania 2014}) 15... O-O-O 16. b4 Nf8 17. Bg5 f6 18. Be3 Ne6 19. a4 Rd7 {[#]} (19... f5 $14) 20. Bxb6 $1 $16 {[%mdl 512]} axb6 21. Nxb6+ Kc7 22. Nxd7 Kxd7 23. Rhd1+ Kc7 24. Rd3 Ra8 25. Rad1 Nf8 26. Kb3 f5 27. exf5 gxf5 28. f4 Bf6 29. g3 e6 30. a5 Be7 31. Ka4 Rb8 32. h3 {[%cal Bh2h3,Bh3g4][%mdl 32]} h5 33. Rg1 Rb5 (33... Re8 $16 34. h4 Bf6) 34. g4 $18 fxg4 35. hxg4 h4 36. Re1 Bd6 37. Rh1 Ng6 38. Rxd6 $2 ({Better is} 38. Rhd1 $18 Rd5 39. Rxd5 exd5 40. f5) 38... Kxd6 {[%mdl 4096] Endgame KRN-KR. The position is equal.} 39. c4 Rb8 40. f5 exf5 41. gxf5 Ne7 42. Rxh4 {[#] aiming for Rh6+.} Nxf5 43. Rh1 Ne7 44. Rh6+ Ke5 {Precision: White = 80%, Black = 52%.} 1/2-1/2

[Event "36th Zalakaros Festival 2017"]
[Site "Zalakaros"]
[Date "2017.05.24"]
[Round "7"]
[White "Szabo, Marton Mihaly"]
[Black "Terbe, Julianna"]
[Result "1-0"]
[WhiteElo "2298"]
[BlackElo "2258"]
[Annotator "NA"]
[PlyCount "55"]
[EventDate "2017.??.??"]
[EventType "swiss"]
[EventCountry "HUN"]
[SourceTitle "playchess.com"]
[Source "ChessBase"]
[SourceQuality "1"]
[TimeControl "40/5400+30:1800+30"]

1. e4 {[%emt 0:00:04]} c5 {[%emt 0:00:38]} 2. Nf3 {[%emt 0:00:30]} Nc6 {[%emt 0:00:06]} 3. Bb5 {[%emt 0:00:13]} Qc7 {[%emt 0:00:09]} 4. O-O {[%emt 0:00:25]} a6 {[%emt 0:00:04]} 5. Bxc6 $14 {[%emt 0:00:38]} dxc6 {[%emt 0:00:07]} 6. d4 {[%emt 0:00:41]} cxd4 {[%emt 0:00:08]} 7. Qxd4 {[%emt 0:00:50]} c5 {[%emt 0:00:06]} 8. Qe3 {[%emt 0:01:18]} Bg4 {[%emt 0:01:51]} 9. c4 {[%emt 0:02:13]} e6 {[%emt 0:03:11]} 10. Nc3 {[%emt 0:02:35]} Ne7 {[%emt 0:02:09]} 11. Ne1 {[%emt 0:09:16]} f6 {[%emt 0:07:55]} 12. h3 {[%emt 0:01:35]} Bh5 {[%emt 0:00:09]} 13. Nd3 {[%emt 0:03:06]} b6 {[%emt 0:01:09]} 14. e5 {[%emt 0:06:55]} f5 {[%emt 0:03:35]} 15. Qg3 {[%emt 0:23:38]} h6 {[%emt 0:09:05]} 16. h4 {[%emt 0:02:18]} Rd8 {[%emt 0:06:10]} 17. Re1 {[%emt 0:05:27]} Bf7 {[%emt 0:11:27]} 18. Nf4 {[%emt 0:03:42]} g6 {[%emt 0:23:43]} 19. Ncd5 {[%emt 0:14:07]} exd5 {[%emt 0:01:16]} 20. e6 {[%emt 0:00:34]} Bxe6 {[%emt 0:07:12]} 21. Rxe6 {[%emt 0:02:06]} Rg8 {[%emt 0:10:01]} 22. cxd5 {[%emt 0:10:23]} Kf7 {[%emt 0:02:25]} 23. Qf3 {[%emt 0:02:32]} Bg7 {[%emt 0:03:53]} 24. Bd2 {[%emt 0:00:14]} Rge8 {[%emt 0:02:14]} 25. Rae1 {[%emt 0:00:22]} Qd7 {[%emt 0:03:45]} 26. Nxg6 {[%emt 0:03:42]} Nxd5 {[%emt 0:00:29]} 27. Qxf5+ {[%emt 0:00:34]} Kg8 {[%emt 0:00:25]} 28. Rxe8+ {[%emt 0:00:24]} 1-0